[Event "Pardubice Region-chT 2223"]
[Site "Czech Republic"]
[Date "2022.11.13"]
[Round "3.5"]
[White "Kokes, Bohuslav"]
[Black "Vodicka, Pavel"]
[Result "1/2-1/2"]
[WhiteElo "1909"]
[BlackElo "1926"]
[PlyCount "95"]
[EventDate "2022.10.09"]
[EventType "team-tourn"]
[EventRounds "11"]
[EventCountry "CZE"]
[SourceTitle "EXT 2024"]
[Source "ChessBase"]
[SourceDate "2023.10.10"]
[SourceVersion "1"]
[SourceVersionDate "2023.10.10"]
[SourceQuality "1"]

1. e4 c5 2. Nf3 Nc6 3. d4 cxd4 4. Nxd4 e5 5. Nb5 a6 6. Nd6+ Bxd6 7. Qxd6 Qf6 8. Qd2 Qg6 9. f3 Nge7 10. c4 Nd4 11. Bd3 d6 12. Nc3 0-0 13. b3 Rb8 14. 0-0 b5 15. Ne2 Nxe2+ 16. Qxe2 b4 17. Be3 Bb7 18. c5 a5 19. a3 Rfd8 20. axb4 axb4 21. Rfd1 Nc6 22. Bc4 Nd4 23. Bxd4 exd4 24. c6 Bxc6 25. Rxd4 Qg5 26. Rad1 Kf8 27. Kh1 Qc5 28. Qd2 Ra8 29. h3 Ra7 30. Rxd6 Rad7 31. Rxd7 Rxd7 32. Qe1 Rxd1 33. Qxd1 Ke7 34. Qd2 f6 35. Kh2 Qe5+ 36. Kg1 Qc3 37. Qxc3 bxc3 38. Bd3 Kd6 39. Kf2 Kc5 40. Ke3 g5 41. g3 Bd7 42. f4 gxf4+ 43. gxf4 Be6 44. e5 fxe5 45. Bxh7 exf4+ 46. Kxf4 Bxh3 47. Ke3 Kb4 48. Bc2 1/2-1/2

[Event "CZE-chT2C 1011"]
[Site "Czech Republic"]
[Date "2011.02.20"]
[Round "8.6"]
[White "Vodicka, Pavel"]
[Black "Brezmen, Pavel"]
[Result "1-0"]
[WhiteElo "2064"]
[BlackElo "2092"]
[PlyCount "105"]
[EventDate "2010.10.17"]
[EventType "team-tourn"]
[EventRounds "11"]
[EventCountry "CZE"]
[SourceTitle "EXT 2012"]
[Source "ChessBase"]
[SourceDate "2011.11.24"]
[SourceVersion "1"]
[SourceVersionDate "2011.11.24"]
[SourceQuality "1"]
[WhiteTeam "Pardubice Bohemia"]
[BlackTeam "Kolin"]
[WhiteTeamCountry "CZE"]
[BlackTeamCountry "CZE"]

1. d4 Nf6 2. Nf3 e6 3. Bg5 Be7 4. e3 0-0 5. Bd3 h6 6. Bh4 d5 7. Nbd2 Nbd7 8. 0-0 c6 9. Ne5 Nxe5 10. dxe5 Nd7 11. Bxe7 Qxe7 12. f4 f6 13. Qh5 Nc5 14. Bg6 Bd7 15. b4 Na6 16. exf6 Qxf6 17. Nf3 Be8 18. Ne5 Bxg6 19. Nxg6 Rfe8 20. a3 Qf5 21. Qxf5 exf5 22. Kf2 Rad8 23. Rfd1 Kf7 24. Ne5+ Ke6 25. Rab1 Nc7 26. a4 a6 27. h3 Rd6 28. g4 g5 29. c3 Rf8 30. Nd3 b6 31. Kg3 Ke7 32. Ne5 Rff6 33. c4 Ne6 34. gxf5 Rxf5 35. Kg4 Kf6 36. Nxc6 Rxc6 37. cxd5 Rc4 38. dxe6 gxf4 39. Rd4 Rxd4 40. exd4 Kxe6 41. Re1+ Kf6 42. Re8 Rd5 43. Re4 a5 44. b5 Rg5+ 45. Kxf4 Rg2 46. d5 Rd2 47. Re6+ Kf7 48. Ke5 Re2+ 49. Kd6 Ra2 50. Re4 Rc2 51. Kd7 Rc5 52. d6 Kf6 53. Re6+ 1-0

[Event "Kesarovski Georgiev Memorial 8th"]
[Site "Sunny Beach"]
[Date "2009.09.13"]
[Round "9"]
[White "Vodicka, Pavel"]
[Black "Todorov, Yavor"]
[Result "1/2-1/2"]
[WhiteElo "2077"]
[BlackElo "1912"]
[PlyCount "122"]
[EventDate "2009.09.07"]
[EventType "swiss"]
[EventRounds "9"]
[EventCountry "BUL"]
[SourceTitle "CBM 132 Extra"]
[Source "ChessBase"]
[SourceDate "2009.11.03"]
[SourceVersion "1"]
[SourceVersionDate "2009.11.03"]
[SourceQuality "1"]

1. d4 Nf6 2. Nf3 c5 3. e3 e6 4. Be2 b6 5. c4 Bb7 6. Nc3 d6 7. d5 exd5 8. cxd5 g6 9. e4 Nbd7 10. Bg5 a6 11. a4 Bg7 12. Nd2 0-0 13. h4 h6 14. Bf4 Ne8 15. Nc4 Qe7 16. Qc2 f5 17. Bd2 fxe4 18. Bg4 Ne5 19. Be6+ Kh8 20. Nxe5 dxe5 21. Qxe4 Qf6 22. 0-0-0 Qxe6 23. dxe6 Bxe4 24. Nxe4 Nc7 25. Be3 Rfe8 26. Rd6 Rxe6 27. Rhd1 Rae8 28. a5 bxa5 29. Bxc5 Nb5 30. Rxe6 Rxe6 31. Rd8+ Kh7 32. Rc8 Nd4 33. Bd6 Nf5 34. Ba3 Nxh4 35. g4 Nf3 36. Rc7 Kh8 37. Be7 Nd4 38. Kd1 Rb6 39. g5 h5 40. Bf6 Ne6 41. Rc8+ Kh7 42. Re8 Rc6 43. Re7 Kh8 44. Bxg7+ Nxg7 45. Nf6 Rd6+ 46. Ke1 Rd8 47. Rxe5 Rb8 48. Rc5 Ne8 49. Ne4 Kg7 50. Rxa5 Rxb2 51. Rxa6 Rb7 52. Re6 Rb8 53. Re7+ Kf8 54. Ra7 Rb6 55. Ke2 Re6 56. Kf3 Re7 57. Ra8 Kf7 58. Kf4 Nc7 59. Rc8 Ne8 60. f3 Rd7 61. Ra8 Re7 1/2-1/2

[Event "Kesarovski Georgiev Memorial 8th"]
[Site "Sunny Beach"]
[Date "2009.09.11"]
[Round "6"]
[White "Pantev, Tsvetelin"]
[Black "Vodicka, Pavel"]
[Result "0-1"]
[WhiteElo "1689"]
[BlackElo "2077"]
[PlyCount "115"]
[EventDate "2009.09.07"]
[EventType "swiss"]
[EventRounds "9"]
[EventCountry "BUL"]
[SourceTitle "CBM 132 Extra"]
[Source "ChessBase"]
[SourceDate "2009.11.03"]
[SourceVersion "1"]
[SourceVersionDate "2009.11.03"]
[SourceQuality "1"]

1. d4 Nf6 2. c4 c5 3. d5 b5 4. cxb5 a6 5. bxa6 g6 6. Nc3 d6 7. e4 Bxa6 8. Bxa6 Nxa6 9. Nf3 Bg7 10. 0-0 0-0 11. Re1 Ng4 12. Bf4 Qb6 13. Rb1 c4 14. Bg3 Nb4 15. Nd2 Qd4 16. Qxg4 Qxd2 17. Red1 Qc2 18. Rdc1 Qd2 19. Bf4 Qd4 20. Be3 Qf6 21. Ne2 Nd3 22. Bd4 e5 23. dxe6 Qxe6 24. Qxe6 fxe6 25. Rxc4 Rxa2 26. f3 Rb8 27. Bxg7 Kxg7 28. Rd4 Rbxb2 29. Rd1 Rxe2 30. R4xd3 Rxg2+ 31. Kh1 Rxh2+ 32. Kg1 h5 33. f4 Rag2+ 34. Kf1 Rf2+ 35. Kg1 Rhg2+ 36. Kh1 Rg4 37. Rxd6 Rfxf4 38. e5 Rf3 39. Kh2 Kh6 40. Rxe6 Kg5 41. Rg1 Rxg1 42. Kxg1 Re3 43. Kf2 Re4 44. Kf3 Rf4+ 45. Ke3 Rg4 46. Rf6 Rg1 47. Kd4 Rd1+ 48. Ke4 h4 49. Rf2 Re1+ 50. Kd5 h3 51. Kd6 Kg4 52. e6 Kg3 53. Rf6 g5 54. e7 h2 55. Rh6 g4 56. Kd7 Kg2 57. e8Q Rxe8 58. Kxe8 0-1

[Event "Kesarovski Georgiev Memorial 6th"]
[Site "Sunny Beach"]
[Date "2007.09.15"]
[Round "6"]
[White "Vodicka, Pavel"]
[Black "Ivanov, Ljubomir"]
[Result "0-1"]
[WhiteElo "1970"]
[BlackElo "1973"]
[PlyCount "43"]
[EventDate "2007.09.10"]
[EventType "swiss"]
[EventRounds "9"]
[EventCountry "BUL"]
[SourceTitle "CBM 120 Extra"]
[Source "ChessBase"]
[SourceDate "2007.11.01"]
[SourceVersion "1"]
[SourceVersionDate "2007.11.01"]
[SourceQuality "1"]

1. d4 Nf6 2. Nf3 d5 3. c4 e6 4. Nc3 c6 5. Qc2 Bd6 6. Bg5 Nbd7 7. e3 h6 8. Bh4 Qa5 9. c5 Be7 10. a3 0-0 11. b4 Qd8 12. Bd3 Ng4 13. Bxe7 Qxe7 14. h3 Ngf6 15. Ne2 Re8 16. b5 e5 17. bxc6 bxc6 18. dxe5 Nxe5 19. Nxe5 Qxe5 20. 0-0 Qg5 21. Kh1 Ne4 22. Rab1 0-1

[Event "Kesarovski Georgiev Memorial 6th"]
[Site "Sunny Beach"]
[Date "2007.09.13"]
[Round "4"]
[White "Vodicka, Pavel"]
[Black "Nikolova, Mariya"]
[Result "1/2-1/2"]
[WhiteElo "1970"]
[BlackElo "1820"]
[PlyCount "112"]
[EventDate "2007.09.10"]
[EventType "swiss"]
[EventRounds "9"]
[EventCountry "BUL"]
[SourceTitle "CBM 120 Extra"]
[Source "ChessBase"]
[SourceDate "2007.11.01"]
[SourceVersion "1"]
[SourceVersionDate "2007.11.01"]
[SourceQuality "1"]

1. d4 d5 2. Nf3 Nf6 3. c4 e6 4. Nc3 c6 5. e3 Be7 6. Be2 0-0 7. Ne5 Nbd7 8. f4 Qc7 9. 0-0 b6 10. Qa4 Bb7 11. Bd2 dxc4 12. Qxc4 Rfc8 13. Bf3 Nxe5 14. fxe5 Nd5 15. Rac1 Qd7 16. Qa4 Rc7 17. Nxd5 cxd5 18. Qxd7 Rxd7 19. Rc2 Rc8 20. Rfc1 Rxc2 21. Rxc2 Kf8 22. Be2 a6 23. a3 g6 24. g3 Kg7 25. Bb4 f6 26. Bg4 Kf7 27. exf6 Bxf6 28. h4 h5 29. Bh3 a5 30. Be1 Bd8 31. g4 hxg4 32. Bxg4 Rc7 33. Rxc7+ Bxc7 34. Kg2 e5 35. Bg3 Kf6 36. h5 gxh5 37. Bxh5 Ba6 38. Be8 Bd6 39. Bd7 Bd3 40. Kf2 Bf5 41. Bc6 Ke6 42. Bb7 Be4 43. Bc8+ Kf6 44. Bh4+ Kf7 45. Bd8 exd4 46. exd4 Bf4 47. Bxb6 Bc1 48. a4 Bxb2 49. Bd7 Ke7 50. Bb5 Bc3 51. Ke3 Ke6 52. Bd3 Bxd3 53. Kxd3 Be1 54. Ke3 Bc3 55. Kf4 Bd2+ 56. Kf3 Bc3 1/2-1/2

[Event "Kesarovski Georgiev Memorial 6th"]
[Site "Sunny Beach"]
[Date "2007.09.12"]
[Round "3"]
[White "Ivanov, Bogidar"]
[Black "Vodicka, Pavel"]
[Result "1-0"]
[WhiteElo "2188"]
[BlackElo "1970"]
[PlyCount "71"]
[EventDate "2007.09.10"]
[EventType "swiss"]
[EventRounds "9"]
[EventCountry "BUL"]
[SourceTitle "CBM 120 Extra"]
[Source "ChessBase"]
[SourceDate "2007.11.01"]
[SourceVersion "1"]
[SourceVersionDate "2007.11.01"]
[SourceQuality "1"]

1. e4 c5 2. Nf3 Nc6 3. d4 cxd4 4. Nxd4 e5 5. Nb5 a6 6. Nd6+ Bxd6 7. Qxd6 Qf6 8. Qd3 Nge7 9. Nc3 0-0 10. Be3 Nb4 11. Qd2 Qc6 12. a3 d5 13. axb4 d4 14. Bxd4 Rd8 15. Nd5 Nxd5 16. Bc3 Be6 17. exd5 Rxd5 18. Qe3 Rad8 19. Be2 Bf5 20. Bf3 e4 21. Be2 Qg6 22. 0-0 Bg4 23. Bxg4 Qxg4 24. Qg3 h5 25. Qxg4 hxg4 26. Rfe1 f5 27. Kf1 Kf7 28. Ke2 f4 29. g3 f3+ 30. Ke3 g5 31. Ra5 Rb5 32. Rxb5 axb5 33. Kxe4 Kg6 34. Ra1 Re8+ 35. Be5 Rd8 36. Bd4 1-0

[Event "CZE-chT2d 0607"]
[Site "Czech Republic"]
[Date "2007.04.15"]
[Round "11"]
[White "Vodicka, Pavel"]
[Black "Fisar, Josef"]
[Result "1-0"]
[WhiteElo "2018"]
[BlackElo "2087"]
[PlyCount "69"]
[EventDate "2006.10.15"]
[EventType "team-tourn"]
[EventRounds "11"]
[EventCountry "CZE"]
[SourceTitle "EXT 2009"]
[Source "ChessBase"]
[SourceDate "2008.11.26"]
[SourceVersion "1"]
[SourceVersionDate "2008.11.26"]
[SourceQuality "1"]

1. d4 Nf6 2. Nf3 e6 3. c4 b6 4. a3 Be7 5. Nc3 d5 6. e3 0-0 7. Bd3 Bb7 8. cxd5 exd5 9. 0-0 Re8 10. b4 Nbd7 11. Qb3 Nf8 12. a4 a6 13. Ba3 c6 14. Rfc1 Bd6 15. Ne2 Ne4 16. Ng3 Nxg3 17. hxg3 Nd7 18. b5 Bxa3 19. Rxa3 axb5 20. axb5 c5 21. Rxa8 Qxa8 22. Bf5 c4 23. Qb1 Nf6 24. Ne5 g6 25. Bc2 Qa5 26. g4 Rc8 27. g5 Ne8 28. g3 Nd6 29. Kg2 Re8 30. Nd7 Kg7 31. Rh1 Rh8 32. Qg1 Qxb5 33. Ne5 Qb2 34. Qh2 Kf8 35. Bxg6 1-0

[Event "CZE-chT2d 0607"]
[Site "Czech Republic"]
[Date "2006.12.15"]
[Round "5"]
[White "Markovic, Ivan1"]
[Black "Vodicka, Pavel"]
[Result "1-0"]
[WhiteElo "2195"]
[BlackElo "2018"]
[PlyCount "61"]
[EventDate "2006.10.15"]
[EventType "team-tourn"]
[EventRounds "11"]
[EventCountry "CZE"]
[SourceTitle "EXT 2009"]
[Source "ChessBase"]
[SourceDate "2008.11.26"]
[SourceVersion "1"]
[SourceVersionDate "2008.11.26"]
[SourceQuality "1"]

1. e4 c5 2. Nf3 Nc6 3. d4 cxd4 4. Nxd4 Qc7 5. Nc3 e6 6. Be2 a6 7. 0-0 Nf6 8. Nxc6 dxc6 9. f4 Bc5+ 10. Kh1 b5 11. e5 Nd5 12. Ne4 Be7 13. c4 Nb6 14. Nd6+ Bxd6 15. exd6 Qd8 16. Bf3 Bd7 17. Qd4 0-0 18. b3 Qf6 19. Qxf6 gxf6 20. c5 Nd5 21. Bb2 Kg7 22. Bxd5 cxd5 23. Rf3 h6 24. Rg3+ Kh7 25. Bxf6 Rg8 26. Rxg8 Rxg8 27. Kg1 Kg6 28. Be7 Kf5 29. c6 Bxc6 30. Rc1 Rc8 31. Rxc6 1-0

[Event "CZE-chT2d 0607"]
[Site "Czech Republic"]
[Date "2006.11.19"]
[Round "3"]
[White "Vodicka, Pavel"]
[Black "Vykydal, Frantisek"]
[Result "0-1"]
[WhiteElo "2018"]
[BlackElo "2264"]
[PlyCount "136"]
[EventDate "2006.10.15"]
[EventType "team-tourn"]
[EventRounds "11"]
[EventCountry "CZE"]
[SourceTitle "EXT 2009"]
[Source "ChessBase"]
[SourceDate "2008.11.26"]
[SourceVersion "1"]
[SourceVersionDate "2008.11.26"]
[SourceQuality "1"]

1. d4 Nf6 2. Nf3 d6 3. g3 Bg4 4. Bg2 Qc8 5. h4 h6 6. c4 g6 7. Nc3 Bg7 8. Qb3 Nc6 9. d5 Bxf3 10. exf3 Nb8 11. Bh3 Nbd7 12. Ne4 0-0 13. Be3 c6 14. Rc1 Qc7 15. 0-0 c5 16. Qc2 a6 17. Qd2 Kh7 18. Kg2 b5 19. b3 Rfb8 20. Qd3 bxc4 21. Nxf6+ Nxf6 22. Rxc4 Nd7 23. Bxd7 Qxd7 24. h5 Qf5 25. hxg6+ Qxg6 26. Qxg6+ Kxg6 27. Rg4+ Kh7 28. Rh4 Rb4 29. Rxh6+ Bxh6 30. Rh1 Rh8 31. Rxh6+ Kg7 32. Rxh8 Kxh8 33. Bd2 Rb7 34. f4 Kh7 35. Kf3 c4 36. b4 c3 37. Bxc3 Rc7 38. Bd4 Rc4 39. Bb6 Rxb4 40. Bd8 Rb7 41. a4 Kg7 42. a5 Kf8 43. Bb6 Ke8 44. f5 Kd7 45. g4 Rb8 46. g5 Ke8 47. g6 Kf8 48. Kg4 Rc8 49. Kg5 Rc1 50. Bd8 Rd1 51. Kf4 Rg1 52. f6 exf6 53. Bxf6 Rxg6 54. Bg5 f6 55. Bh4 Kf7 56. Kf5 Rh6 57. Bg3 Rh5+ 58. Ke4 Ke7 59. Bf4 Rh3 60. Be3 Rh5 61. Bd4 Rh4+ 62. Ke3 f5 63. Bb6 Re4+ 64. Kd3 Kf6 65. Bd4+ Kg5 66. Be3+ Kg4 67. Bb6 Kf4 68. f3 Re7 0-1